000 00254nam a22001217a 4500
008 181102b xxu||||| |||| 00| 0 eng d
041 _aeng
080 _a615
100 _a5
101 _aFAR
245 _aVitamin Bible
_cMindell's,E
942 _2udc
_cBK
999 _c51702
_d51702